000 01920cam a22004574i 4500
003 PE-LiUPU
005 20250731184543.0
008 150623s r 000 0 d
035 _a(Sirsi) a27477
040 _aPE-LiUPU
_bspa
_cPE-LiUPU
_erda
082 0 4 _a985.522
_bV39
_221
100 1 _aVega Garrido, Luis,
_eautor.
245 1 0 _aMarañón patrimonio histórico /
_cLuis Vega Garrido.
264 1 _a[Lima?] :
_bEds. Vega-Dávila,
_c2002 (Lima : San Marcos).
300 _a318 páginas :
_bilustraciones, fotos, mapas ;
_c20 cm.
336 _atext
_2rdacontent
337 _aunmediated
_2rdamedia
338 _avolume
_2rdacarrier
504 _aIncluye bibliografía.
505 0 _aPresentación. Mapa de ubicación. Río marañón, nuevo destino. Los yarowilka. Lauricocha. Yarowilka. Dos de mayo. Huamalíes. Cajatambo. Oyón. Bolognesi. Chavín. Huari. Fitzcarrald. Luzuriaga. Pomabamba. Sihuas. Pallasca. Pataz. Santiago de chuco. Sánchez carrión. Bolivar. Cajabamba. Celendín. Chota. Cutervo. Jaén. Chachapoyas. Luya. Utcubamba. Bagua. Condorcanqui. Viajando por el marañón.
526 _aP136
526 _aP135
526 _aP134
526 _aP133
526 _aP144
526 _aP143
526 _aP87
526 _aP35
526 _aP20
526 _aP14
526 _aP10
526 _aP06
650 0 4 _aTurismo
_zPerú.
_93316
650 0 4 _aMarañón, río
_zPerú.
650 0 4 _aAmazonía Peruana
_xVida y costumbres sociales.
942 _2ddc
_cBOOK
949 _a985.522 V39
_wDEWEY
_c1
_i52753
_lCCODEBUL1
_mBUL
_p23.00
_r0
_sY
_tBOOK
_u2015-06-24
_xBIBLIOTECA
_zUNKNOWN
_0COMPRA
_o.STAFF. Colección General
596 _a1
999 _a985.522 V39
_wDEWEY
_c34620
_i52753
_f2021-11-8
_g4
_lCCODEBUL1
_mBUL
_p23.00
_r0
_sY
_tBOOK
_u2015-6-24
_xBIBLIOTECA
_zUNKNOWN
_0COMPRA
_o.STAFF. Colección General
_d34620
980 _81
_gALBERTO SANCHEZ Responsable de Automatización